| 000 | 00479nam a2200157 a 4500 | ||
|---|---|---|---|
| 001 | 239 | ||
| 003 | CDMR | ||
| 005 | 20130411194807.0 | ||
| 008 | 130130s1975||||||||||||||||||||||||||||d | ||
| 040 |
_aCDMR _bcat _cCDMR |
||
| 100 | 1 |
_aMagriña Blasi, José _9150 |
|
| 245 | 1 | 0 |
_aAnálisis crítico-jurídico de la empresa periodística _cAlumno: José Magriña Blasi ; profesor: Dr. César Molinero |
| 260 |
_aBarcelona _c1975 |
||
| 650 | 0 | 4 |
_9311 _aEmpreses periodístiques |
| 942 |
_cTSN _2ddc |
||
| 999 |
_c239 _d239 |
||